[Event "Open Praha 2018 - A"]
[Site "?"]
[Date "2018.01.13"]
[Round "2"]
[White "Low, Zhen Yu Cyrus"]
[Black "Utiatskaja, Irina"]
[Result "1-0"]
[BlackElo "2164"]
[WhiteElo "2437"]
[LiveChessVersion "1.4.8"]

1. e4 {[%clk 1:30:57]} c5 {[%clk 1:24:26]} 2. Nf3 {[%clk 1:31:19]} d6
{[%clk 1:24:50]} 3. d4 {[%clk 1:31:43]} cxd4 {[%clk 1:25:11]} 4. Nxd4
{[%clk 1:32:07]} Nf6 {[%clk 1:25:36]} 5. Nc3 {[%clk 1:32:31]} a6 {[%clk 1:26:02]}
6. Be2 {[%clk 1:32:54]} e6 {[%clk 1:24:34]} 7. g4 {[%clk 1:33:19]} h6
{[%clk 1:18:17]} 8. h4 {[%clk 1:32:27]} g6 {[%clk 1:18:05]} 9. Be3
{[%clk 1:32:05]} Nbd7 {[%clk 1:18:03]} 10. Qd2 {[%clk 1:31:48]} b5
{[%clk 1:13:39]} 11. a3 {[%clk 1:31:14]} Bb7 {[%clk 1:08:59]} 12. f3
{[%clk 1:31:37]} d5 {[%clk 1:04:28]} 13. exd5 {[%clk 1:31:33]} Nxd5
{[%clk 1:04:52]} 14. Nxd5 {[%clk 1:31:55]} Bxd5 {[%clk 1:05:15]} 15. O-O-O
{[%clk 1:32:07]} Qc7 16. Rhe1 Qb7 {[%clk 0:42:30]} 17. Nb3 {[%clk 1:14:25]} Bg7
{[%clk 0:33:19]} 18. Bd4 {[%clk 0:46:45]} Bxd4 {[%clk 0:28:44]} 19. Qxd4
{[%clk 0:47:06]} O-O-O {[%clk 0:28:13]} 20. Rd3 {[%clk 0:47:00]} Bxb3
{[%clk 0:21:09]} 21. Rxb3 {[%clk 0:47:14]} Nb6 {[%clk 0:21:24]} 22. Rc3+
{[%clk 0:45:09]} Kb8 {[%clk 0:18:37]} 23. Qe5+ {[%clk 0:43:59]} Ka8
{[%clk 0:19:02]} 24. Rc7 {[%clk 0:44:09]} Qd5 {[%clk 0:14:39]} 25. Qxd5+
{[%clk 0:43:16]} Nxd5 {[%clk 0:13:08]} 26. Rxf7 {[%clk 0:43:39]} g5
{[%clk 0:12:28]} 27. hxg5 {[%clk 0:42:56]} hxg5 {[%clk 0:12:54]} 28. Bd3
{[%clk 0:43:22]} Rd6 {[%clk 0:07:18]} 29. Rg7 {[%clk 0:42:55]} Rh3
{[%clk 0:07:32]} 30. Be4 {[%clk 0:43:17]} Kb8 {[%clk 0:07:48]} 31. Rd1
{[%clk 0:42:04]} Rh2 {[%clk 0:06:34]} 32. Rxg5 {[%clk 0:42:22]} Rc6
{[%clk 0:06:50]} 33. c3 {[%clk 0:40:12]} Rc4 {[%clk 0:06:32]} 34. Bxd5
{[%clk 0:39:25]} exd5 {[%clk 0:06:56]} 35. Rgxd5 {[%clk 0:39:50]} Rf4
{[%clk 0:07:16]} 36. Rf5 {[%clk 0:40:16]} Rxf5 {[%clk 0:06:15]} 37. gxf5
{[%clk 0:40:39]} Rh5 {[%clk 0:03:20]} 38. Kd2 {[%clk 0:41:00]} Rxf5
{[%clk 0:03:45]} 39. Ke3 {[%clk 0:41:24]} Kc7 {[%clk 0:04:00]} 40. f4
{[%clk 0:41:49]} Kc6 {[%clk 0:04:00]} 41. Ke4 {[%clk 0:40:31]} Rf8
{[%clk 0:03:56]} 42. f5 {[%clk 0:40:42]} Kc5 {[%clk 0:03:58]} 43. Rd2
{[%clk 0:41:06]} Kc4 {[%clk 0:03:08]} 44. Ke5 {[%clk 0:41:31]} Re8+
{[%clk 0:03:35]} 45. Kf4 {[%clk 0:41:56]} Rf8 {[%clk 0:03:33]} 46. Kg5
{[%clk 0:42:22]} Rg8+ {[%clk 0:03:05]} 47. Kh6 {[%clk 0:42:44]} Rg1
{[%clk 0:03:06]} 48. f6 {[%clk 0:43:10]} Rh1+ {[%clk 0:03:26]} 49. Kg7
{[%clk 0:43:36]} Rg1+ {[%clk 0:03:52]} 50. Kf8 {[%clk 0:44:00]} Rf1
{[%clk 0:04:16]} 51. f7 {[%clk 0:44:27]} a5 {[%clk 0:04:35]} 52. Rg2
{[%clk 0:44:51]} 1-0

[Event "Open Praha 2018 - A"]
[Site "?"]
[Date "2018.01.13"]
[Round "2"]
[White "Shevchenko, Danylo"]
[Black "Popov, Mikhail"]
[Result "1-0"]
[BlackElo "2416"]
[WhiteElo "2164"]
[LiveChessVersion "1.4.8"]

1. e4 g6 2. d4 Bg7 3. Nc3 d6 4. f4 Nf6 5. Nf3 O-O 6. Be3 b6 7. e5 Ng4 8. Bg1 c5
9. dxc5 bxc5 10. h3 Nh6 11. Qd5 Qb6 12. O-O-O Bb7 13. Qd3 Nf5 14. Bf2 Nc6 15. Nd5
Nb4 16. Nxb6 Nxd3+ 17. Bxd3 axb6 18. Bxf5 gxf5 19. Bh4 Rfe8 20. a3 Bh6 21. Bg5
Bxg5 22. Nxg5 d5 23. g4 h6 24. Nf3 Ra4 25. Nh4 Rxf4 26. Nxf5 d4 27. Rhf1 Rxf1 28.
Rxf1 Kh7 29. Rf2 Be4 30. Kd2 Bxf5 31. Rxf5 Kg7 32. Kd3 Rd8 33. b3 e6 34. Rf1 Rd5
35. Ke4 Rd7 36. a4 d3 37. cxd3 Rd4+ 38. Ke3 Rb4 39. Rb1 Kg6 40. Kd2 Kg5 41. Kc3
Kh4 42. Rf1 Kxh3 43. Rxf7 Kxg4 44. Rf6 h5 45. Rxe6 Kg5 46. Rf6 h4 47. Rf2 Rd4 48.
e6 Rd8 49. Kc4 h3 50. e7 Re8 51. Re2 Kf4 52. Kd5 Kf3 53. Rh2 Rxe7 54. Rxh3+ Ke2
55. Rh6 Kxd3 56. Rxb6 Rc7 57. a5 Kc3 58. a6 1-0

[Event "Open Praha 2018 - A"]
[Site "?"]
[Date "2018.01.13"]
[Round "2"]
[White "Lalic, Bogdan"]
[Black "Stoynov, Yordan"]
[Result "1-0"]
[BlackElo "2163"]
[WhiteElo "2415"]
[LiveChessVersion "1.4.8"]

1. d4 {[%clk 1:16:03]} b5 {[%clk 1:30:51]} 2. e4 {[%clk 1:16:11]} Bb7
{[%clk 1:31:06]} 3. Bd3 {[%clk 1:16:11]} Nf6 {[%clk 1:30:49]} 4. Qe2
{[%clk 1:15:42]} a6 {[%clk 1:31:04]} 5. Nf3 {[%clk 1:16:05]} e6 {[%clk 1:31:18]}
6. a4 {[%clk 1:15:26]} b4 {[%clk 1:31:34]} 7. Nbd2 {[%clk 1:14:42]} d5
{[%clk 1:28:50]} 8. c4 {[%clk 1:12:05]} bxc3 {[%clk 1:24:43]} 9. bxc3
{[%clk 1:12:30]} c5 {[%clk 1:24:54]} 10. O-O {[%clk 1:10:14]} Be7
{[%clk 1:21:51]} 11. dxc5 {[%clk 1:01:39]} Bxc5 {[%clk 1:16:41]} 12. e5
{[%clk 1:01:49]} Nfd7 {[%clk 1:16:50]} 13. c4 {[%clk 1:00:41]} Nf8
{[%clk 1:00:04]} 14. Rb1 {[%clk 0:58:34]} Bc6 {[%clk 0:59:40]} 15. cxd5
{[%clk 0:58:54]} exd5 {[%clk 0:59:54]} 16. Nb3 {[%clk 0:58:52]} Nbd7
{[%clk 0:58:49]} 17. Bxa6 {[%clk 0:55:37]} Ne6 {[%clk 0:57:32]} 18. Bb5
{[%clk 0:54:59]} Bxb5 {[%clk 0:55:16]} 19. Qxb5 {[%clk 0:54:29]} O-O
{[%clk 0:45:06]} 20. a5 {[%clk 0:47:21]} Nc7 {[%clk 0:42:35]} 21. Qd3
{[%clk 0:47:39]} h6 {[%clk 0:35:22]} 22. Bd2 {[%clk 0:47:12]} Re8
{[%clk 0:35:02]} 23. Nbd4 {[%clk 0:43:53]} Qc8 {[%clk 0:22:03]} 24. Rfe1
{[%clk 0:35:45]} Ra6 {[%clk 0:20:14]} 25. g3 {[%clk 0:29:04]} Qa8
{[%clk 0:18:03]} 26. Nb5 {[%clk 0:21:45]} Nxb5 {[%clk 0:17:01]} 27. Qxb5
{[%clk 0:21:44]} Qc6 {[%clk 0:16:39]} 28. Rec1 {[%clk 0:18:16]} Rc8
{[%clk 0:15:53]} 29. Qxc6 {[%clk 0:18:06]} Raxc6 {[%clk 0:15:24]} 30. Kg2
{[%clk 0:17:27]} g5 {[%clk 0:15:36]} 31. Rb7 {[%clk 0:17:09]} Nf8
{[%clk 0:15:44]} 32. Bb4 {[%clk 0:13:59]} g4 {[%clk 0:15:38]} 33. Nh4
{[%clk 0:13:44]} Bxb4 {[%clk 0:13:38]} 34. Rxc6 {[%clk 0:14:08]} Rxc6
{[%clk 0:13:55]} 35. Rxb4 {[%clk 0:14:35]} Rc4 {[%clk 0:13:45]} 36. Rxc4
{[%clk 0:12:04]} dxc4 {[%clk 0:14:05]} 37. Kf1 {[%clk 0:12:24]} f6
{[%clk 0:12:58]} 38. a6 {[%clk 0:12:38]} Ne6 {[%clk 0:13:17]} 39. a7
{[%clk 0:13:00]} Nc7 {[%clk 0:13:40]} 40. e6 {[%clk 0:13:08]} Kf8
{[%clk 0:13:14]} 41. Nf5 {[%clk 0:13:29]} h5 {[%clk 0:13:35]} 42. Ke1
{[%clk 0:13:49]} c3 {[%clk 0:13:19]} 43. Kd1 {[%clk 0:14:11]} Ke8
{[%clk 0:13:37]} 44. Kc2 {[%clk 0:14:28]} Kd8 {[%clk 0:13:52]} 45. Nd4
{[%clk 0:14:26]} Kc8 {[%clk 0:13:56]} 46. Kxc3 {[%clk 0:14:43]} Kb7
{[%clk 0:14:17]} 47. Kc4 {[%clk 0:15:02]} 1-0

[Event "Open Praha 2018 - A"]
[Site "?"]
[Date "2018.01.13"]
[Round "2"]
[White "Balenovic, Zvonimir"]
[Black "Luukkonen, Tommi"]
[Result "0-1"]
[BlackElo "2331"]
[WhiteElo "2129"]
[LiveChessVersion "1.4.8"]

1. Nf3 {[%clk 1:30:30]} c5 {[%clk 1:29:29]} 2. g3 {[%clk 1:30:15]} g6
{[%clk 1:29:38]} 3. Bg2 {[%clk 1:30:01]} Bg7 {[%clk 1:30:03]} 4. c4
{[%clk 1:30:06]} Nc6 {[%clk 1:30:24]} 5. O-O {[%clk 1:30:21]} e6 {[%clk 1:30:18]}
6. Nc3 {[%clk 1:27:40]} Nge7 {[%clk 1:30:28]} 7. d3 {[%clk 1:27:31]} O-O
{[%clk 1:30:04]} 8. e3 {[%clk 1:17:09]} d5 {[%clk 1:29:59]} 9. cxd5
{[%clk 1:17:17]} Nb4 {[%clk 1:23:08]} 10. d4 {[%clk 1:09:54]} cxd4
{[%clk 1:22:34]} 11. Nxd4 {[%clk 1:08:15]} Nexd5 {[%clk 1:21:08]} 12. Nxd5
{[%clk 1:05:27]} Nxd5 {[%clk 1:21:26]} 13. Re1 {[%clk 1:03:47]} Qb6
{[%clk 1:20:49]} 14. b3 {[%clk 0:55:11]} Rd8 {[%clk 1:20:27]} 15. Bb2
{[%clk 0:49:32]} e5 {[%clk 1:15:56]} 16. Bxd5 {[%clk 0:46:10]} Rxd5
{[%clk 1:15:09]} 17. Qf3 {[%clk 0:46:29]} Qd8 {[%clk 1:15:14]} 18. e4
{[%clk 0:38:34]} Rxd4 {[%clk 1:15:11]} 19. Bxd4 {[%clk 0:38:57]} exd4
{[%clk 1:15:37]} 20. e5 Qb6 {[%clk 1:15:28]} 21. g4 {[%clk 0:35:50]} Be6
{[%clk 1:12:59]} 22. Rad1 {[%clk 0:35:42]} Rd8 {[%clk 1:10:47]} 23. Qf4
{[%clk 0:30:40]} Rd5 {[%clk 1:08:15]} 24. Qg3 {[%clk 0:22:41]} g5
{[%clk 1:05:58]} 25. Re4 {[%clk 0:21:32]} Qc5 {[%clk 1:03:46]} 26. Rde1
{[%clk 0:19:35]} d3 {[%clk 1:03:32]} 27. h3 {[%clk 0:18:28]} d2 {[%clk 1:00:04]}
28. Rd1 {[%clk 0:18:57]} Bxe5 {[%clk 0:58:04]} 29. Qf3 {[%clk 0:14:41]} Qd6
{[%clk 0:57:05]} 30. Qe3 {[%clk 0:12:48]} Bh2+ {[%clk 0:55:04]} 31. Kf1
{[%clk 0:10:41]} Qa6+ {[%clk 0:52:49]} 32. Qe2 {[%clk 0:07:41]} Qc6
{[%clk 0:52:19]} 33. f3 {[%clk 0:05:49]} Bf4 {[%clk 0:52:39]} 34. Kg2
{[%clk 0:05:30]} Qd6 {[%clk 0:52:21]} 35. Qf2 {[%clk 0:05:18]} Rd3
{[%clk 0:52:08]} 36. Qe2 {[%clk 0:03:53]} h5 {[%clk 0:49:34]} 37. gxh5
{[%clk 0:02:41]} Bh2 {[%clk 0:46:16]} 38. Rxe6 {[%clk 0:02:08]} fxe6
{[%clk 0:46:05]} 39. Qe4 {[%clk 0:02:21]} Qg3+ {[%clk 0:43:26]} 40. Kh1
{[%clk 0:02:47]} Qxf3+ {[%clk 0:43:53]} 41. Qxf3 {[%clk 0:02:56]} Rxf3
{[%clk 0:44:21]} 42. Kxh2 {[%clk 0:02:47]} Rd3 {[%clk 0:44:46]} 43. Kg2
{[%clk 0:02:11]} Kh7 {[%clk 0:44:57]} 44. Kf1 {[%clk 0:01:43]} Kh6
{[%clk 0:45:12]} 45. Ke2 {[%clk 0:01:56]} Rd5 0-1

[Event "Open Praha 2018 - B"]
[Site "Praha (CZE)"]
[Date "2018.01.13"]
[Round "2"]
[White "Viaene, Jan"]
[Black "Marinc, Damir"]
[Result "0-1"]
[WhiteElo "1725"]
[BlackElo "1964"]
[PlyCount "62"]
[EventDate "2018.01.12"]

1. e4 e6 2. d4 d5 3. Nd2 Nc6 4. Ngf3 Nf6 5. Bd3 Nb4 6. O-O Nxd3 7. cxd3 Be7 8.
Re1 O-O 9. Nf1 b6 10. Ng3 Bb7 11. e5 Nd7 12. Be3 c5 13. Qd2 cxd4 14. Bxd4 Nc5
15. b4 Na4 16. Rac1 Qd7 17. Be3 Ba6 18. Nd4 Rfc8 19. a3 Bb7 20. f4 g6 21. Nge2
a5 22. Rxc8+ Bxc8 23. Rc1 Bb7 24. bxa5 Rxa5 25. Nb3 Ra8 26. Nc3 Bxa3 27. Rd1
Bb4 28. Bd4 Qc6 29. Rc1 Nc5 30. Qc2 Rc8 31. Nd2 Bxc3 0-1

[Event "Open Praha 2018 - B"]
[Site "Praha (CZE)"]
[Date "2018.01.13"]
[Round "2"]
[White "Lomakina, Anzhelika"]
[Black "Badik, Maksym"]
[Result "1/2-1/2"]
[WhiteElo "1693"]
[BlackElo "1928"]
[PlyCount "56"]
[EventDate "2018.01.12"]

1. e4 e5 2. Nf3 Nc6 3. d4 exd4 4. Bc4 Nf6 5. O-O Be7 6. e5 Ne4 7. Bf4 d5 8. Bb5
g5 9. Nxd4 gxf4 10. Nxc6 bxc6 11. Bxc6+ Bd7 12. Qxd5 Rb8 13. Qxe4 Bxc6 14.
Qxc6+ Qd7 15. Qf3 Qf5 16. Nc3 O-O 17. Nd5 Bd8 18. Qc3 c6 19. Nf6+ Bxf6 20. exf6
c5 21. Rfe1 Rb6 22. Re5 Qxf6 23. Qxc5 h6 24. Rf5 Qxb2 25. Rd1 Qxa2 26. Rxf4 Rg6
27. h3 Qe6 28. Kh1 Qe2 1/2-1/2

[Event "Open Praha 2018 - B"]
[Site "Praha (CZE)"]
[Date "2018.01.13"]
[Round "2"]
[White "Krobot, Jan"]
[Black "Bublik, Frantisek"]
[Result "1/2-1/2"]
[WhiteElo "1677"]
[BlackElo "1848"]
[PlyCount "80"]
[EventDate "2018.01.12"]

1. d4 c6 2. Bf4 d6 3. e4 Nf6 4. Nc3 Qa5 5. f3 e5 6. Be3 Nbd7 7. Bc4 b5 8. Bb3
Be7 9. Nge2 O-O 10. O-O Bb7 11. Ng3 g6 12. a4 b4 13. Nce2 Ba6 14. f4 Ng4 15.
Bc1 exd4 16. Qxd4 d5 17. Qd2 Bc5+ 18. Kh1 Be3 19. Qe1 Bxc1 20. Rxc1 Nc5 21. h3
Nf6 22. e5 Nfe4 23. Nxe4 Nxe4 24. Rf3 Qc5 25. Ng3 Nxg3+ 26. Qxg3 Bc4 27. Bxc4
Qxc4 28. b3 Qe4 29. f5 Rae8 30. Re1 Qxc2 31. f6 h6 32. h4 Re6 33. Rf4 Rfe8 34.
Rxb4 Qc5 35. Qf4 Kh7 36. Rb7 Rf8 37. h5 g5 38. Qf5+ Kg8 39. b4 Qc3 40. Rf1 Qxe5
1/2-1/2

[Event "Open Praha 2018 - B"]
[Site "Praha (CZE)"]
[Date "2018.01.13"]
[Round "2"]
[White "Nemecek, Pavel"]
[Black "Cech, Lubomir"]
[Result "1-0"]
[WhiteElo "1846"]
[BlackElo "1661"]
[PlyCount "40"]
[EventDate "2018.01.12"]

1. e4 e6 2. d4 d5 3. e5 c5 4. c3 Nc6 5. Nf3 cxd4 6. cxd4 Nge7 7. Bd3 Ng6 8. Nc3
Be7 9. h4 Nxh4 10. Nxh4 Bxh4 11. Qg4 g5 12. g3 h5 13. Qd1 Nxd4 14. Be3 Nc6 15.
gxh4 g4 16. Bg5 Qb6 17. Bf6 Rh6 18. Qd2 Rxf6 19. exf6 Bd7 20. O-O-O O-O-O 1-0

[Event "Open Praha 2018 - B"]
[Site "Praha (CZE)"]
[Date "2018.01.13"]
[Round "2"]
[White "Privoznik, Lubos"]
[Black "Koper, Stefan"]
[Result "1/2-1/2"]
[WhiteElo "1661"]
[BlackElo "1840"]
[PlyCount "29"]
[EventDate "2018.01.12"]

1. e4 g6 2. d4 Bg7 3. Nc3 d6 4. Nge2 c6 5. Be3 Nd7 6. g3 e6 7. Bg2 d5 8. Qd2 a6
9. h4 b5 10. Bg5 Qa5 11. O-O Bh6 12. Rfe1 Bxg5 13. Qxg5 Qb4 14. exd5 cxd5 15.
Nf4 1/2-1/2

[Event "Open Praha 2018 - B"]
[Site "Praha (CZE)"]
[Date "2018.01.13"]
[Round "2"]
[White "Rysaev, Danial"]
[Black "Chekletsova, Darya"]
[Result "1-0"]
[WhiteElo "1818"]
[BlackElo "1651"]
[PlyCount "81"]
[EventDate "2018.01.12"]

1. d4 d5 2. c4 e6 3. Nc3 Nf6 4. cxd5 exd5 5. Bg5 Be7 6. e3 O-O 7. Bd3 Nbd7 8.
Qc2 h6 9. Bh4 c6 10. Nge2 Re8 11. f3 Qb6 12. O-O Bd6 13. Bf2 Qc7 14. g3 Nb6 15.
e4 Bf8 16. e5 Nfd7 17. Nf4 g5 18. Ncxd5 Nxd5 19. Nxd5 Qd8 20. Nc3 Nb6 21. Ne4
Be7 22. Qe2 Be6 23. Be3 Nd5 24. Bd2 Nb4 25. Be3 Nxd3 26. Qxd3 Qc7 27. f4 Bd5
28. f5 Bxe4 29. Qxe4 Bf8 30. f6 c5 31. Rac1 Qb8 32. Rf5 cxd4 33. Bxg5 Rc8 34.
Rcf1 Qc7 35. Qh4 d3 36. Bxh6 Qc5+ 37. Kg2 Qd5+ 38. Kh3 Rc4 39. Qg5+ Kh7 40.
Bxf8 Rxf8 41. Qg7# 1-0

[Event "Open Praha 2018 - B"]
[Site "Praha (CZE)"]
[Date "2018.01.13"]
[Round "2"]
[White "Pyzio, Amelia"]
[Black "Klimek, Petr"]
[Result "1-0"]
[WhiteElo "1651"]
[BlackElo "1815"]
[PlyCount "49"]
[EventDate "2018.01.12"]

1. e4 e6 2. d4 d5 3. exd5 exd5 4. c4 Nf6 5. Nc3 Be7 6. Be3 O-O 7. Nf3 c6 8. Be2
dxc4 9. Bxc4 Bg4 10. O-O Nbd7 11. Re1 Nb6 12. Bb3 Nbd5 13. h3 Bh5 14. Rc1 Qd6
15. a3 Rae8 16. Qd3 Bxf3 17. gxf3 Nf4 18. Qf5 Ng6 19. Ne4 Qc7 20. Bxf7+ Kxf7
21. Ng5+ Kg8 22. Qe6+ Kh8 23. Nf7+ Kg8 24. Nh6+ Kh8 25. Qg8+ 1-0

[Event "Open Praha 2018 - B"]
[Site "Praha (CZE)"]
[Date "2018.01.13"]
[Round "2"]
[White "Badik, Yaryna"]
[Black "Kuhnmund, Ivan"]
[Result "1-0"]
[WhiteElo "1812"]
[BlackElo "1643"]
[PlyCount "59"]
[EventDate "2018.01.12"]

1. e4 c5 2. Nf3 a6 3. a4 Nc6 4. d4 cxd4 5. Nxd4 Qc7 6. Nc3 e6 7. Nf3 Nf6 8. Bd3
b6 9. O-O Be7 10. Be3 d5 11. exd5 exd5 12. h3 Be6 13. Qe2 O-O 14. Bxa6 d4 15.
Nxd4 Nxd4 16. Bxd4 Qf4 17. Be5 Qg5 18. Bg3 Bc5 19. Kh1 Rxa6 20. Qxa6 h5 21. Qe2
h4 22. Bh2 Bd4 23. f3 Nd5 24. Ne4 Qg6 25. c3 Be3 26. Rg1 f5 27. Nd2 Kf7 28. c4
Bf4 29. cxd5 Bxh2 30. Qxe6+ 1-0

[Event "Open Praha 2018 - B"]
[Site "Praha (CZE)"]
[Date "2018.01.13"]
[Round "2"]
[White "Nemecek, Lukas"]
[Black "Shamiam, Artur"]
[Result "1-0"]
[WhiteElo "1639"]
[BlackElo "1802"]
[PlyCount "81"]
[EventDate "2018.01.12"]

1. e4 c5 2. Nc3 Nc6 3. g3 g6 4. Bg2 Bg7 5. d3 d6 6. Be3 Nf6 7. h3 e5 8. Nge2
Nd4 9. Qd2 O-O 10. f4 exf4 11. Nxf4 Nd7 12. O-O Rb8 13. Ncd5 b5 14. c3 Ne6 15.
Rf2 Bb7 16. Raf1 Nxf4 17. Bxf4 Bxd5 18. exd5 Ne5 19. Re1 Qd7 20. Bg5 f6 21. Bf4
f5 22. d4 cxd4 23. cxd4 Nc4 24. Qd1 Rfe8 25. Rfe2 Rxe2 26. Rxe2 Re8 27. Rxe8+
Qxe8 28. b3 Ne3 29. Qd3 Nxg2 30. Kxg2 Qe4+ 31. Qxe4 fxe4 32. Bxd6 Bxd4 33. b4
a6 34. Bc5 Bxc5 35. bxc5 Kf7 36. Kf2 b4 37. Ke3 a5 38. Kxe4 a4 39. Kd3 b3 40.
axb3 a3 41. Kc2 1-0

[Event "Open Praha 2018 - B"]
[Site "Praha (CZE)"]
[Date "2018.01.13"]
[Round "2"]
[White "Zeliantsova, Kseniya"]
[Black "Tanishka, Kotia"]
[Result "1-0"]
[WhiteElo "1788"]
[BlackElo "1617"]
[PlyCount "107"]
[EventDate "2018.01.12"]

1. e4 d5 2. exd5 Nf6 3. Bb5+ Bd7 4. Bc4 Bg4 5. f3 Bf5 6. Nc3 Nbd7 7. Qe2 Nb6 8.
g4 Bc8 9. Qd3 a6 10. b3 Nfd7 11. Qd4 Nxc4 12. bxc4 e5 13. dxe6 fxe6 14. Nge2
Bd6 15. Qe3 Ne5 16. c5 O-O 17. cxd6 Nxf3+ 18. Kd1 Qxd6 19. Ne4 Qd8 20. Ba3 Rf7
21. d3 Ne5 22. Qd4 Qxd4 23. Nxd4 Nxg4 24. Ke2 e5 25. Nf3 Bf5 26. Neg5 Rd7 27.
h3 Nf6 28. Nxe5 Re8 29. Ngf3 Rd5 30. Bb2 Nd7 31. d4 Rb5 32. Bc3 Bxc2 33. Kd2
Nxe5 34. Nxe5 Bf5 35. Rhf1 g6 36. Rae1 Rd8 37. Nf3 c5 38. a4 Rb3 39. Re3 cxd4
40. Bxd4 Rb4 41. Kc3 Rxa4 42. Rc1 Ra3+ 43. Kd2 Ra2+ 44. Ke1 Bxh3 45. Rc7 Bd7
46. Re7 Re8 47. Rcxd7 Rxe7+ 48. Rxe7 b5 49. Ng5 Kf8 50. Bf6 h6 51. Ne6+ Kg8 52.
Rg7+ Kh8 53. Rxg6+ Kh7 54. Nf8# 1-0

[Event "Open Praha 2018 - A"]
[Site "?"]
[Date "2018.01.13"]
[Round "3"]
[White "Stefansson, Hannes"]
[Black "Prudnykova, Olga"]
[Result "1-0"]
[BlackElo "2280"]
[WhiteElo "2523"]
[LiveChessVersion "1.4.8"]

1. d4 {[%clk 1:30:56]} Nf6 {[%clk 1:30:55]} 2. c4 {[%clk 1:31:14]} g6
{[%clk 1:31:18]} 3. Nf3 {[%clk 1:31:23]} Bg7 {[%clk 1:31:33]} 4. g3
{[%clk 1:31:36]} d5 {[%clk 1:31:27]} 5. cxd5 {[%clk 1:31:37]} Nxd5
{[%clk 1:31:53]} 6. Bg2 {[%clk 1:31:48]} Nb6 {[%clk 1:32:05]} 7. O-O
{[%clk 1:32:02]} Nc6 {[%clk 1:32:16]} 8. e3 {[%clk 1:32:15]} O-O {[%clk 1:28:58]}
9. Nc3 {[%clk 1:31:55]} a5 {[%clk 1:29:09]} 10. d5 {[%clk 1:28:42]} Nb4
{[%clk 1:28:20]} 11. e4 {[%clk 1:27:52]} e6 {[%clk 1:19:08]} 12. Bg5
{[%clk 1:23:48]} f6 {[%clk 1:16:46]} 13. Be3 {[%clk 1:21:59]} exd5
{[%clk 0:56:03]} 14. Bxb6 {[%clk 1:21:51]} cxb6 {[%clk 0:56:17]} 15. exd5
{[%clk 1:22:08]} f5 {[%clk 0:52:58]} 16. Qb3 {[%clk 1:18:53]} Bd7
{[%clk 0:40:26]} 17. Rfe1 {[%clk 1:13:16]} Nd3 {[%clk 0:35:57]} 18. d6+
{[%clk 1:13:08]} Kh8 {[%clk 0:36:25]} 19. Re7 {[%clk 1:13:10]} Nc5
{[%clk 0:24:57]} 20. Qc4 {[%clk 1:12:10]} Be8 {[%clk 0:23:25]} 21. Rd1
{[%clk 0:57:43]} Bf6 {[%clk 0:23:17]} 22. Rc7 {[%clk 0:55:41]} Bc6
{[%clk 0:16:22]} 23. Ne1 {[%clk 0:42:27]} Bd7 {[%clk 0:07:18]} 24. Nd5
{[%clk 0:38:18]} Be6 {[%clk 0:07:44]} 25. Nxf6 {[%clk 0:35:00]} Qxf6
{[%clk 0:08:11]} 26. Bd5 {[%clk 0:34:51]} f4 {[%clk 0:02:14]} 27. Qxf4
{[%clk 0:27:12]} Rad8 {[%clk 0:02:41]} 28. Bxe6 {[%clk 0:25:45]} Qxb2
{[%clk 0:00:36]} 29. Qe3 {[%clk 0:25:00]} Nxe6 {[%clk 0:00:46]} 30. Rxb7
{[%clk 0:24:52]} Nc5 {[%clk 0:00:42]} 31. Qxc5 {[%clk 0:24:54]} 1-0

[Event "Open Praha 2018 - A"]
[Site "?"]
[Date "2018.01.13"]
[Round "3"]
[White "Lee, Jun Hyeok"]
[Black "Solozhenkin, Evgeniy"]
[Result "1-0"]
[BlackElo "2451"]
[WhiteElo "2305"]
[LiveChessVersion "1.4.8"]

1. c4 {[%clk 1:30:34]} c5 {[%clk 1:28:18]} 2. Nc3 {[%clk 1:29:09]} Nc6
{[%clk 1:28:35]} 3. e3 {[%clk 1:28:52]} e5 {[%clk 1:24:30]} 4. g3
{[%clk 1:23:36]} d6 {[%clk 1:14:54]} 5. Bg2 {[%clk 1:21:38]} Bf5 {[%clk 1:13:58]}
6. d3 {[%clk 1:12:43]} g6 {[%clk 1:06:40]} 7. e4 {[%clk 1:10:58]} Be6
{[%clk 1:04:25]} 8. Nge2 {[%clk 1:08:15]} Bg7 {[%clk 1:03:58]} 9. Nd5
{[%clk 1:05:22]} Nge7 {[%clk 1:01:17]} 10. Be3 {[%clk 0:58:53]} h6
{[%clk 0:54:00]} 11. Qd2 {[%clk 0:53:28]} Nd4 {[%clk 0:50:29]} 12. O-O
{[%clk 0:51:32]} Nxd5 {[%clk 0:44:56]} 13. cxd5 {[%clk 0:51:35]} Bd7
{[%clk 0:45:23]} 14. Kh1 {[%clk 0:38:46]} h5 {[%clk 0:45:08]} 15. h4
{[%clk 0:34:03]} Bf6 {[%clk 0:44:41]} 16. f4 {[%clk 0:29:20]} Bg4
{[%clk 0:33:11]} 17. fxe5 {[%clk 0:27:53]} Bxe5 {[%clk 0:27:00]} 18. Nxd4
{[%clk 0:28:12]} cxd4 {[%clk 0:27:24]} 19. Bf4 {[%clk 0:26:04]} Qe7
{[%clk 0:25:30]} 20. Kh2 O-O {[%clk 0:24:56]} 21. Bh3 {[%clk 0:22:39]} Bxh3
{[%clk 0:22:16]} 22. Kxh3 {[%clk 0:23:05]} Rac8 {[%clk 0:22:12]} 23. Rf2
{[%clk 0:22:12]} Rc7 {[%clk 0:18:14]} 24. Raf1 {[%clk 0:18:35]} Qd7+
{[%clk 0:11:35]} 25. Kg2 {[%clk 0:18:52]} Qg4 {[%clk 0:10:26]} 26. Bxe5
{[%clk 0:18:11]} dxe5 {[%clk 0:10:53]} 27. Rf6 {[%clk 0:14:40]} Rfc8
{[%clk 0:07:11]} 28. R1f2 {[%clk 0:13:45]} Rc2 {[%clk 0:03:55]} 29. Qa5
{[%clk 0:04:43]} Qd1 {[%clk 0:01:19]} 30. d6 {[%clk 0:00:39]} Rc1
{[%clk 0:01:38]} 31. Rf1 {[%clk 0:00:33]} Qe2+ {[%clk 0:00:36]} 32. R6f2
{[%clk 0:00:45]} Qxd3 {[%clk 0:00:42]} 33. d7 {[%clk 0:00:36]} Qxe4+
{[%clk 0:00:49]} 34. Kh2 1-0

[Event "Open Praha 2018 - A"]
[Site "?"]
[Date "2018.01.13"]
[Round "3"]
[White "Ratsma, Rosa"]
[Black "Vichnar, David"]
[Result "1/2-1/2"]
[BlackElo "2443"]
[WhiteElo "2287"]
[LiveChessVersion "1.4.8"]

1. e4 {[%clk 1:30:56]} c5 {[%clk 1:30:39]} 2. Nf3 {[%clk 1:31:16]} e6
{[%clk 1:31:01]} 3. d4 {[%clk 1:31:20]} cxd4 {[%clk 1:31:24]} 4. Nxd4
{[%clk 1:31:45]} Nc6 {[%clk 1:31:47]} 5. Nc3 {[%clk 1:31:47]} Qc7
{[%clk 1:31:58]} 6. f4 {[%clk 1:31:35]} a6 {[%clk 1:31:44]} 7. Nxc6
{[%clk 1:31:57]} Qxc6 {[%clk 1:31:54]} 8. Bd3 {[%clk 1:32:11]} b5
{[%clk 1:31:57]} 9. Qe2 {[%clk 1:32:22]} Bb7 {[%clk 1:32:21]} 10. Bd2
{[%clk 1:32:34]} Bc5 {[%clk 1:32:36]} 11. O-O-O {[%clk 1:31:16]} Ne7
{[%clk 1:32:59]} 12. a3 {[%clk 1:31:28]} O-O {[%clk 1:33:15]} 13. Qh5
{[%clk 1:31:22]} f5 {[%clk 1:29:42]} 14. g4 {[%clk 1:29:38]} g6 {[%clk 1:29:21]}
15. Qg5 {[%clk 1:26:23]} d5 {[%clk 1:22:19]} 16. Rhe1 {[%clk 1:22:06]} Rf7
{[%clk 1:15:11]} 17. exf5 {[%clk 1:01:48]} exf5 {[%clk 1:15:23]} 18. gxf5
{[%clk 0:59:24]} Nxf5 {[%clk 1:15:05]} 19. Re5 {[%clk 0:59:25]} Qd7
{[%clk 1:08:00]} 20. Ne2 {[%clk 0:48:37]} a5 {[%clk 1:00:28]} 21. Bxf5
{[%clk 0:38:24]} Rxf5 {[%clk 1:00:46]} 22. Rxf5 {[%clk 0:38:25]} Qxf5
{[%clk 1:01:06]} 23. Qxf5 {[%clk 0:38:25]} gxf5 {[%clk 1:01:28]} 24. Ng3
{[%clk 0:38:09]} b4 {[%clk 0:52:39]} 25. a4 {[%clk 0:28:34]} Re8 {[%clk 0:47:41]}
26. Nxf5 {[%clk 0:27:32]} Re2 {[%clk 0:47:50]} 27. Re1 {[%clk 0:21:26]} Rxh2
{[%clk 0:45:40]} 28. Be3 {[%clk 0:18:21]} Bc8 {[%clk 0:41:38]} 29. Nh6+
{[%clk 0:17:33]} Rxh6 {[%clk 0:41:47]} 30. Bxc5 {[%clk 0:17:52]} Bd7
{[%clk 0:40:59]} 31. b3 {[%clk 0:16:54]} Rc6 {[%clk 0:40:08]} 32. Bd4
{[%clk 0:14:00]} Bf5 {[%clk 0:38:45]} 33. Re2 {[%clk 0:14:14]} h5
{[%clk 0:34:08]} 34. Rh2 {[%clk 0:10:40]} h4 {[%clk 0:32:51]} 35. Rxh4
{[%clk 0:05:08]} Rxc2+ {[%clk 0:32:34]} 36. Kd1 {[%clk 0:05:32]} Ra2
{[%clk 0:31:36]} 37. Kc1 {[%clk 0:04:31]} Rc2+ {[%clk 0:27:28]} 38. Kd1
{[%clk 0:04:55]} Rc6 {[%clk 0:27:56]} 39. Kd2 {[%clk 0:02:02]} Rg6
{[%clk 0:22:52]} 40. Rh5 {[%clk 0:01:07]} Rg2+ {[%clk 0:20:13]} 41. Ke3
{[%clk 0:28:30]} Be4 {[%clk 0:48:51]} 42. Rg5+ {[%clk 0:25:25]} 1/2-1/2